La fisico-química al servicio de la arqueología / por Eduardo Porta Ferrés
Publicado:
San Jorge, núm. 92 (4rt trimestre 1973), pàg 46 - 48 :
MARC
| LEADER | 00000nam a2200000Ia 4500 | ||
|---|---|---|---|
| 008 | 160829s9999 xx 000 0 cat d | ||
| 100 | |a Porta i Ferrés, Eduard |9 34788 | ||
| 245 | |a La fisico-química al servicio de la arqueología / por Eduardo Porta Ferrés | ||
| 260 | |a San Jorge, núm. 92 (4rt trimestre 1973), pàg 46 - 48 | ||
| 610 | 2 | 0 | |a Institut de Prehistòria i Arqueologia (Barcelona, Catalunya) |9 52785 |
| 650 | |a Fisicoquímica |9 43464 | ||
| 901 | |a Arxiu | ||
| 942 | |n 1 |2 udc | ||
| 952 | |0 0 |1 0 |4 0 |7 1 |9 51457 |a Arxiu |b Arxiu |d 2016-12-01 |l 0 |r 2016-12-01 00:00:00 |w 2016-12-01 |y ARXIU | ||
| 999 | |c 55301 |d 55301 | ||